000 00274nam a2200121Ia 4500
008 221030s9999 xx 000 0 und d
041 _aEnglish
100 _aP. K. Gupta
245 0 _aFundamentals of Insurance
_cby P. K. Gupta
260 _c0
650 _aMb
942 _cBK
999 _c13904
_d13904